<?xml version="1.0" encoding="UTF-8"?>
<record
    xmlns:xsi="http://www.w3.org/2001/XMLSchema-instance"
    xsi:schemaLocation="http://www.loc.gov/MARC21/slim http://www.loc.gov/standards/marcxml/schema/MARC21slim.xsd"
    xmlns="http://www.loc.gov/MARC21/slim">

  <leader>01215nam a2200265 a 4500</leader>
  <controlfield tag="001">85250</controlfield>
  <controlfield tag="003">BD-RjUL</controlfield>
  <controlfield tag="005">20250721122511.0</controlfield>
  <controlfield tag="008">250721s2025    bg ||||| |||| 00| 0 eng d</controlfield>
  <datafield tag="020" ind1=" " ind2=" ">
    <subfield code="a">9789845970426</subfield>
  </datafield>
  <datafield tag="035" ind1=" " ind2=" ">
    <subfield code="a">(BD-RjUL)85250</subfield>
  </datafield>
  <datafield tag="040" ind1=" " ind2=" ">
    <subfield code="a">BD-RjUL</subfield>
    <subfield code="b">eng</subfield>
    <subfield code="c">BD-RjUL</subfield>
  </datafield>
  <datafield tag="041" ind1=" " ind2=" ">
    <subfield code="a">ben</subfield>
  </datafield>
  <datafield tag="082" ind1=" " ind2=" ">
    <subfield code="2">23</subfield>
    <subfield code="a">371.81095492</subfield>
    <subfield code="b">ROB 2025</subfield>
  </datafield>
  <datafield tag="100" ind1=" " ind2=" ">
    <subfield code="a">&#x9B0;&#x9BE;&#x9AF;&#x9BC;, &#x985;&#x9A8;&#x9C1;&#x9AA;&#x9AE; &#x9A6;&#x9C7;&#x9AC;&#x9BE;&#x9B6;&#x9C0;&#x9B7; </subfield>
    <subfield code="9">16112</subfield>
  </datafield>
  <datafield tag="245" ind1=" " ind2=" ">
    <subfield code="a">&#x9AC;&#x9BF;&#x9A6;&#x9CD;&#x9B0;&#x9CB;&#x9B9; &#x9A5;&#x9C7;&#x995;&#x9C7; &#x9AC;&#x9BF;&#x9AA;&#x9CD;&#x9B2;&#x9AC; :</subfield>
    <subfield code="b">&#x9A8;&#x9BF;&#x9B0;&#x9BE;&#x9AA;&#x9A6; &#x9B8;&#x9A1;&#x9BC;&#x995; &#x986;&#x9A8;&#x9CD;&#x9A6;&#x9CB;&#x9B2;&#x9A8; &#x9A5;&#x9C7;&#x995;&#x9C7; &#x99C;&#x9C1;&#x9B2;&#x9BE;&#x987; &#x985;&#x9AD;&#x9CD;&#x9AF;&#x9C1;&#x9A4;&#x9CD;&#x9A5;&#x9BE;&#x9A8; /</subfield>
    <subfield code="c">&#x985;&#x9A8;&#x9C1;&#x9AA;&#x9AE; &#x9A6;&#x9C7;&#x9AC;&#x9BE;&#x9B6;&#x9C0;&#x9B7; &#x9B0;&#x9BE;&#x9AF;&#x9BC; </subfield>
  </datafield>
  <datafield tag="300" ind1=" " ind2=" ">
    <subfield code="a">&#x9E7;&#x9EE;&#x9EE; &#x9AA;&#x9C3;.;</subfield>
    <subfield code="c">&#x9E8;&#x9E8; &#x9B8;&#x9C7;&#x9AE;&#x9BF;.</subfield>
  </datafield>
  <datafield tag="650" ind1=" " ind2=" ">
    <subfield code="a">&#x99B;&#x9BE;&#x9A4;&#x9CD;&#x9B0; &#x986;&#x9A8;&#x9CD;&#x9A6;&#x9CB;&#x9B2;&#x9A8; </subfield>
    <subfield code="z">&#x9AC;&#x9BE;&#x982;&#x9B2;&#x9BE;&#x9A6;&#x9C7;&#x9B6;</subfield>
    <subfield code="9">16123</subfield>
  </datafield>
  <datafield tag="650" ind1=" " ind2=" ">
    <subfield code="a">Student movements </subfield>
    <subfield code="z">Bangladesh</subfield>
    <subfield code="9">16124</subfield>
  </datafield>
  <datafield tag="650" ind1=" " ind2=" ">
    <subfield code="a">&#x9AC;&#x9BE;&#x982;&#x9B2;&#x9BE;&#x9A6;&#x9C7;&#x9B6; </subfield>
    <subfield code="y"> &#x99C;&#x9C1;&#x9B2;&#x9BE;&#x987; &#x997;&#x9A3;&#x985;&#x9AD;&#x9CD;&#x9AF;&#x9C1;&#x9A4;&#x9CD;&#x9A5;&#x9BE;&#x9A8;,&#x9E8;&#x9E6;&#x9E8;&#x9EA;</subfield>
    <subfield code="9">16113</subfield>
  </datafield>
  <datafield tag="650" ind1=" " ind2=" ">
    <subfield code="a">Bangladesh</subfield>
    <subfield code="y">July, Mass Uprising 2024</subfield>
    <subfield code="9">16115</subfield>
  </datafield>
  <datafield tag="650" ind1=" " ind2=" ">
    <subfield code="a">&#x9AC;&#x9BE;&#x982;&#x9B2;&#x9BE;&#x9A6;&#x9C7;&#x9B6;</subfield>
    <subfield code="x">&#x997;&#x9A3;&#x9AA;&#x9CD;&#x9B0;&#x9A4;&#x9BF;&#x9B0;&#x9CB;&#x9A7; &#x993; &#x9AC;&#x9BF;&#x9AA;&#x9CD;&#x9B2;&#x9AC;</subfield>
    <subfield code="9">16114</subfield>
  </datafield>
  <datafield tag="651" ind1=" " ind2=" ">
    <subfield code="a">Bangladesh</subfield>
    <subfield code="y">July Revolution, 2024</subfield>
    <subfield code="9">16116</subfield>
  </datafield>
  <datafield tag="942" ind1=" " ind2=" ">
    <subfield code="2">ddc</subfield>
    <subfield code="c">BK</subfield>
  </datafield>
  <datafield tag="999" ind1=" " ind2=" ">
    <subfield code="c">85250</subfield>
    <subfield code="d">85250</subfield>
  </datafield>
  <datafield tag="952" ind1=" " ind2=" ">
    <subfield code="0">0</subfield>
    <subfield code="1">0</subfield>
    <subfield code="2">ddc</subfield>
    <subfield code="4">0</subfield>
    <subfield code="7">1</subfield>
    <subfield code="8">NFIC</subfield>
    <subfield code="a">RUCL</subfield>
    <subfield code="b">RUCL</subfield>
    <subfield code="c">Reading</subfield>
    <subfield code="d">2025-07-21</subfield>
    <subfield code="e"> Biddasagar, Rajshahi</subfield>
    <subfield code="g">315.00</subfield>
    <subfield code="o">B 371.81095492 ROB 2025</subfield>
    <subfield code="r">2025-07-21 00:00:00</subfield>
    <subfield code="t">C-1</subfield>
    <subfield code="y">BK</subfield>
  </datafield>
  <datafield tag="952" ind1=" " ind2=" ">
    <subfield code="0">0</subfield>
    <subfield code="1">0</subfield>
    <subfield code="2">ddc</subfield>
    <subfield code="4">0</subfield>
    <subfield code="7">0</subfield>
    <subfield code="8">NFIC</subfield>
    <subfield code="a">RUCL</subfield>
    <subfield code="b">RUCL</subfield>
    <subfield code="c">GEN</subfield>
    <subfield code="d">2025-07-21</subfield>
    <subfield code="e"> Biddasagar, Rajshahi</subfield>
    <subfield code="g">315.00</subfield>
    <subfield code="o">B 371.81095492 ROB 2025</subfield>
    <subfield code="r">2025-07-21 00:00:00</subfield>
    <subfield code="t">C-2</subfield>
    <subfield code="y">BK</subfield>
  </datafield>
</record>
